[Event "Francophone-ch rapid 3rd"]
[Site "Geneve"]
[Date "2016.07.03"]
[Round "9"]
[White "Bouaziz, Slim"]
[Black "Huss, Andreas"]
[Result "1-0"]
[WhiteElo "2266"]
[BlackElo "2345"]
[PlyCount "79"]
[EventDate "2016.07.02"]
[EventType "swiss (rapid)"]
[EventRounds "15"]
[EventCountry "SUI"]
[SourceTitle "CBM 173 Extra"]
[Source "ChessBase"]
[SourceDate "2016.08.29"]
[SourceVersion "1"]
[SourceVersionDate "2016.08.29"]
[SourceQuality "1"]

1. e4 c6 2. d4 d5 3. exd5 cxd5 4. c4 Nf6 5. Nc3 e6 6. Nf3 Be7 7. cxd5 Nxd5 8. Bd3 Nc6 9. 0-0 0-0 10. Be4 Nxc3 11. bxc3 Na5 12. Rb1 Qc7 13. Qc2 h6 14. Ne5 Bd6 15. Re1 Bd7 16. Bh7+ Kh8 17. Nxd7 Qxd7 18. Bd3 Rac8 19. h3 Qc7 20. Bd2 Nc4 21. Bxc4 Qxc4 22. Rxb7 Qxd4 23. Be3 Qe5 24. f4 Qxc3 25. Qxc3 Rxc3 26. Bxa7 Bxf4 27. a4 Ra3 28. Bc5 Be3+ 29. Rxe3 Ra1+ 30. Kh2 Rc8 31. Ra3 Rd1 32. Be3 Rc2 33. Rxf7 Re1 34. Rf3 Ree2 35. Rg3 h5 36. a5 h4 37. Rg4 Kg8 38. a6 Ra2 39. Rxa2 Rxa2 40. a7 1-0

[Event "Francophone-ch rapid 3rd"]
[Site "Geneve"]
[Date "2016.07.03"]
[Round "12"]
[White "Bouaziz, Slim"]
[Black "Lacrosse, Marc"]
[Result "1-0"]
[WhiteElo "2266"]
[BlackElo "2225"]
[PlyCount "31"]
[EventDate "2016.07.02"]
[EventType "swiss (rapid)"]
[EventRounds "15"]
[EventCountry "SUI"]
[SourceTitle "CBM 173 Extra"]
[Source "ChessBase"]
[SourceDate "2016.08.29"]
[SourceVersion "1"]
[SourceVersionDate "2016.08.29"]
[SourceQuality "1"]

1. e4 e5 2. Nf3 Nc6 3. Bb5 a6 4. Ba4 Nf6 5. d3 b5 6. Bb3 Bc5 7. c3 0-0 8. 0-0 h6 9. d4 Bb6 10. Nxe5 Nxe4 11. Qd3 Nf6 12. Bxh6 Nxe5 13. dxe5 Ng4 14. Bf4 Qh4 15. Bg3 Qh5 16. Qf3 1-0

[Event "Francophone-ch rapid 3rd"]
[Site "Geneve"]
[Date "2016.07.03"]
[Round "14"]
[White "Bouaziz, Slim"]
[Black "Laurent Paoli, Pierre"]
[Result "1-0"]
[WhiteElo "2266"]
[BlackElo "2347"]
[PlyCount "101"]
[EventDate "2016.07.02"]
[EventType "swiss (rapid)"]
[EventRounds "15"]
[EventCountry "SUI"]
[SourceTitle "CBM 173 Extra"]
[Source "ChessBase"]
[SourceDate "2016.08.29"]
[SourceVersion "1"]
[SourceVersionDate "2016.08.29"]
[SourceQuality "1"]

1. e4 d5 2. exd5 Nf6 3. d4 Bg4 4. Be2 Bxe2 5. Nxe2 Qxd5 6. 0-0 e6 7. Qd3 c6 8. c4 Qa5 9. Bd2 Qc7 10. Nbc3 Nbd7 11. c5 e5 12. b4 Rd8 13. Rfe1 Be7 14. Ng3 0-0 15. Nf5 Rfe8 16. Qg3 g6 17. dxe5 Nh5 18. Nh6+ Kg7 19. Qf3 Nxe5 20. Rxe5 Qxe5 21. Qxf7+ Kh8 22. Qxe8+ Rxe8 23. Nf7+ Kg7 24. Nxe5 Bf6 25. Nf3 Rd8 26. Rc1 Kf7 27. Kf1 Ng7 28. Ne4 Be7 29. Nfg5+ Kg8 30. Bc3 Nf5 31. g4 Nh4 32. Ne6 Re8 33. Nd4 Rf8 34. Ke2 Ng2 35. Bd2 Rf7 36. f3 Bf8 37. Kf2 Nf4 38. Bxf4 Rxf4 39. Ne6 Rf7 40. Nxf8 Kxf8 41. Rd1 Ke7 42. Ke3 h5 43. h3 hxg4 44. hxg4 Rf8 45. Rd6 a5 46. a3 axb4 47. axb4 Rg8 48. g5 Rg7 49. Nf6 Rf7 50. Rd7+ Ke6 51. Rxf7 1-0

[Event "Hammamet Carthage op 1st"]
[Site "Hammamet"]
[Date "2015.10.10"]
[Round "8"]
[White "Al Khattab, Ghassan M Ali Ajmed"]
[Black "Bouaziz, Slim"]
[Result "1-0"]
[WhiteElo "2064"]
[BlackElo "2301"]
[PlyCount "47"]
[EventDate "2015.10.04"]
[EventType "swiss"]
[EventRounds "9"]
[EventCountry "TUN"]
[SourceTitle "CBM 168 Extra"]
[Source "ChessBase"]
[SourceDate "2015.10.29"]
[SourceVersion "1"]
[SourceVersionDate "2015.10.29"]
[SourceQuality "1"]

1. e4 c5 2. Nf3 d6 3. c3 Nf6 4. Bc4 e6 5. e5 dxe5 6. Nxe5 Nfd7 7. Nxd7 Nxd7 8. d4 Nf6 9. 0-0 cxd4 10. cxd4 Bd6 11. Bd3 Bd7 12. Bg5 Bc6 13. Nc3 Be7 14. Bc2 Qa5 15. Qd2 Rd8 16. Rfe1 0-0 17. Rad1 Qb6 18. Re3 Rfe8 19. Rh3 g6 20. Qf4 Qxb2 21. Bxg6 fxg6 22. Bxf6 Rf8 23. Qh6 Rf7 24. Qxg6+ 1-0

[Event "Wch Seniors 50 24th"]
[Site "Katerini"]
[Date "2014.11.04"]
[Round "11"]
[White "Bouaziz, Slim"]
[Black "Gamback, Bjorn"]
[Result "1/2-1/2"]
[WhiteElo "2321"]
[BlackElo "2109"]
[PlyCount "33"]
[EventDate "2014.10.24"]
[EventType "swiss"]
[EventRounds "11"]
[EventCountry "GRE"]
[SourceTitle "EXT 2015"]
[Source "ChessBase"]
[SourceDate "2014.11.20"]
[SourceVersion "1"]
[SourceVersionDate "2014.11.20"]
[SourceQuality "1"]

1. d4 Nf6 2. Nf3 e6 3. g3 b6 4. Bg2 Bb7 5. 0-0 c5 6. c4 cxd4 7. Qxd4 Be7 8. Nc3 0-0 9. Bf4 d5 10. Ne5 Nc6 11. Nxc6 Bxc6 12. cxd5 Nxd5 13. Nxd5 Bxd5 14. Bxd5 Qxd5 15. Qxd5 exd5 16. Rad1 Bf6 17. Rd2 1/2-1/2

[Event "Wch Seniors 50 24th"]
[Site "Katerini"]
[Date "2014.11.03"]
[Round "10"]
[White "Kalegin, Evgenij"]
[Black "Bouaziz, Slim"]
[Result "1-0"]
[WhiteElo "2474"]
[BlackElo "2321"]
[PlyCount "79"]
[EventDate "2014.10.24"]
[EventType "swiss"]
[EventRounds "11"]
[EventCountry "GRE"]
[SourceTitle "EXT 2015"]
[Source "ChessBase"]
[SourceDate "2014.11.20"]
[SourceVersion "1"]
[SourceVersionDate "2014.11.20"]
[SourceQuality "1"]

1. e4 e6 2. d4 d5 3. Nc3 Nf6 4. e5 Nfd7 5. f4 c5 6. Nf3 Nc6 7. Be3 Qb6 8. Na4 Qa5+ 9. c3 b6 10. Bd2 c4 11. b4 Nxb4 12. cxb4 Bxb4 13. Rc1 Bxd2+ 14. Nxd2 b5 15. Nc3 0-0 16. a3 a6 17. Ndb1 Qb6 18. Be2 Bb7 19. 0-0 Bc6 20. Qd2 a5 21. Qe3 b4 22. Nd1 c3 23. Nf2 Rae8 24. Ng4 f6 25. exf6 gxf6 26. Bd3 Bb5 27. Bxh7+ Kxh7 28. Qh3+ Kg8 29. Rf3 Qxd4+ 30. Kh1 Qe4 31. Nh6+ Kg7 32. Rg3+ Qg6 33. f5 Qxg3 34. Qxg3+ Kh8 35. axb4 axb4 36. Qh4 Kg7 37. fxe6 Rxe6 38. Nf5+ Kg6 39. Qg4+ Kf7 40. Qh5+ 1-0

[Event "Wch Seniors 50 24th"]
[Site "Katerini"]
[Date "2014.10.27"]
[Round "4"]
[White "Bouaziz, Slim"]
[Black "Furman, Boris"]
[Result "1/2-1/2"]
[WhiteElo "2321"]
[BlackElo "2152"]
[PlyCount "49"]
[EventDate "2014.10.24"]
[EventType "swiss"]
[EventRounds "11"]
[EventCountry "GRE"]
[SourceTitle "EXT 2015"]
[Source "ChessBase"]
[SourceDate "2014.11.20"]
[SourceVersion "1"]
[SourceVersionDate "2014.11.20"]
[SourceQuality "1"]

1. e4 c5 2. Nf3 Nc6 3. d4 cxd4 4. Nxd4 Nf6 5. Nc3 d6 6. Bc4 e6 7. Bb3 Be7 8. Be3 0-0 9. 0-0 d5 10. exd5 exd5 11. h3 h6 12. Nce2 Na5 13. Ng3 Nxb3 14. axb3 Ne4 15. Ngf5 Bg5 16. Qc1 Bxe3 17. Qxe3 Bxf5 18. Nxf5 Qf6 19. Nd4 Rfe8 20. Rfe1 a6 21. Rad1 Nd6 22. Qd3 Rxe1+ 23. Rxe1 Re8 24. Rxe8+ Nxe8 25. Qe3 1/2-1/2

[Event "Wch Seniors 50 24th"]
[Site "Katerini"]
[Date "2014.10.26"]
[Round "3"]
[White "Yasin, Hur"]
[Black "Bouaziz, Slim"]
[Result "0-1"]
[WhiteElo "2138"]
[BlackElo "2321"]
[PlyCount "94"]
[EventDate "2014.10.24"]
[EventType "swiss"]
[EventRounds "11"]
[EventCountry "GRE"]
[SourceTitle "EXT 2015"]
[Source "ChessBase"]
[SourceDate "2014.11.20"]
[SourceVersion "1"]
[SourceVersionDate "2014.11.20"]
[SourceQuality "1"]

1. e4 Nf6 2. e5 Nd5 3. d4 d6 4. c4 Nb6 5. exd6 cxd6 6. Nc3 g6 7. Be3 Bg7 8. Rc1 0-0 9. b3 Nc6 10. Nf3 Bg4 11. Be2 d5 12. c5 Nc8 13. h3 Bxf3 14. Bxf3 e6 15. Qd2 N8e7 16. g4 e5 17. Ne2 Nxd4 18. Nxd4 exd4 19. Bxd4 Bxd4 20. Qxd4 Nc6 21. Qd2 Qf6 22. Be2 Rfe8 23. 0-0 Nd4 24. Bd1 Re4 25. Rc3 Rae8 26. Re3 R8e5 27. Rfe1 Ne6 28. b4 Nf4 29. Rxe4 dxe4 30. Qc3 h5 31. Qg3 Nd3 32. Re3 hxg4 33. hxg4 Nxb4 34. Bf3 Qe7 35. Bg2 Nc6 36. Qf4 Nd4 37. Re1 g5 38. Qg3 Nc2 39. Re2 Nd4 40. Re1 Nc2 41. Re2 e3 42. fxe3 Nxe3 43. Bxb7 Qxc5 44. Kh1 Re6 45. Qf2 Qc1+ 46. Re1 Qc7 47. Rxe3 Qc1+ 0-1

[Event "Francophone op 2nd"]
[Site "Beirut"]
[Date "2014.06.05"]
[Round "7"]
[White "Bouaziz, Slim"]
[Black "Bassel, Charaf"]
[Result "1/2-1/2"]
[WhiteElo "2338"]
[BlackElo "2115"]
[PlyCount "60"]
[EventDate "2014.05.31"]
[EventType "swiss"]
[EventRounds "9"]
[EventCountry "LBN"]
[SourceTitle "EXT 2015"]
[Source "ChessBase"]
[SourceDate "2014.11.20"]
[SourceVersion "1"]
[SourceVersionDate "2014.11.20"]
[SourceQuality "1"]

1. d4 g6 2. Nf3 Nf6 3. Bf4 c5 4. e3 Qb6 5. Qc1 cxd4 6. exd4 d6 7. Nbd2 Nc6 8. c3 Bg7 9. Bd3 0-0 10. 0-0 Nd5 11. Nc4 Qc7 12. Bh6 b5 13. Bxg7 Kxg7 14. Ne3 Nf4 15. Qd2 Rb8 16. Bc2 e5 17. Rad1 Re8 18. Rfe1 Na5 19. b4 Nc4 20. Nxc4 bxc4 21. dxe5 dxe5 22. Ba4 Re7 23. Bc2 Bb7 24. Be4 Bxe4 25. Rxe4 Rb6 26. Qd8 Nd3 27. Qxc7 Rxc7 28. Nd2 Ra6 29. Rxc4 Rxc4 30. Nxc4 Rxa2 1/2-1/2

[Event "Francophone op 2nd"]
[Site "Beirut"]
[Date "2014.05.31"]
[Round "1"]
[White "Bouaziz, Slim"]
[Black "Mikati, Hani"]
[Result "1-0"]
[WhiteElo "2338"]
[BlackElo "1682"]
[PlyCount "61"]
[EventDate "2014.05.31"]
[EventType "swiss"]
[EventRounds "9"]
[EventCountry "LBN"]
[SourceTitle "EXT 2015"]
[Source "ChessBase"]
[SourceDate "2014.11.20"]
[SourceVersion "1"]
[SourceVersionDate "2014.11.20"]
[SourceQuality "1"]

1. Nf3 Nc6 2. c4 e5 3. Nc3 Nf6 4. d3 h6 5. g3 a6 6. Bg2 Bc5 7. 0-0 d6 8. Nd2 Bd7 9. a3 h5 10. Nce4 Nxe4 11. Nxe4 Ba7 12. h3 h4 13. g4 Bxg4 14. hxg4 h3 15. Bf3 h2+ 16. Kh1 Nd4 17. e3 Ne6 18. Bg2 Qh4 19. f4 exf4 20. exf4 0-0-0 21. f5 Nc5 22. Bg5 Qh7 23. Bxd8 Rxd8 24. Nxc5 Bxc5 25. d4 Ba7 26. Qf3 c6 27. d5 c5 28. Rae1 Qh4 29. f6 g6 30. Re7 Qh7 31. Qb3 1-0

[Event "Olympiad-37"]
[Site "Turin"]
[Date "2006.05.22"]
[Round "2"]
[White "Bayarmandakh, Balgan"]
[Black "Bouaziz, Slim"]
[Result "1/2-1/2"]
[WhiteElo "2042"]
[BlackElo "2338"]
[PlyCount "103"]
[EventDate "2006.05.21"]
[EventType "team-swiss"]
[EventRounds "13"]
[EventCountry "ITA"]
[SourceTitle "CBM 113"]
[Source "ChessBase"]
[SourceDate "2006.07.31"]
[SourceVersion "1"]
[SourceVersionDate "2006.07.31"]
[SourceQuality "1"]
[WhiteTeam "Mongolia"]
[BlackTeam "Tunisia"]
[WhiteTeamCountry "MGL"]
[BlackTeamCountry "TUN"]

1. d4 Nf6 2. c4 e6 3. Nf3 c5 4. Nc3 cxd4 5. Nxd4 a6 6. e4 d6 7. Be2 Nbd7 8. 0-0 Be7 9. Be3 0-0 10. Rc1 Qc7 11. f3 b6 12. Qe1 Bb7 13. g4 Rfc8 14. b3 Rab8 15. g5 Ne8 16. f4 Qd8 17. Qg3 Nc5 18. Bf3 Bf8 19. f5 e5 20. Nde2 b5 21. cxb5 axb5 22. Rcd1 b4 23. Nd5 Bxd5 24. Rxd5 Nc7 25. Rd2 Nb5 26. g6 f6 27. gxh7+ Kh8 28. Qg4 Nc3 29. Ng3 Ra8 30. Rff2 Nb1 31. Rb2 Nc3 32. Rfd2 d5 33. exd5 e4 34. Be2 Bd6 35. Nh5 Qd7 36. Bc4 Nd3 37. Bxd3 exd3 38. Rxd3 Re8 39. Bf2 Re4 40. Qg6 Rae8 41. Rbd2 Ne2+ 42. Kg2 Nf4+ 43. Nxf4 Rxf4 44. Rf3 Rxf3 45. Kxf3 Re5 46. Bg3 Rxf5+ 47. Kg2 Bxg3 48. hxg3 Rxd5 49. Rxd5 Qxd5+ 50. Kh3 Qh1+ 51. Kg4 Qd1+ 52. Kf4 1/2-1/2

[Event "Casablanca Sekkat Memorial"]
[Site "Casablanca"]
[Date "2005.12.19"]
[Round "2"]
[White "Bouaziz, Slim"]
[Black "Genov, Petar"]
[Result "1/2-1/2"]
[WhiteElo "2334"]
[BlackElo "2464"]
[PlyCount "30"]
[EventDate "2005.12.18"]
[EventType "swiss"]
[EventRounds "5"]
[EventCountry "MAR"]
[SourceTitle "CBM 110 Extra"]
[Source "ChessBase"]
[SourceDate "2006.03.10"]
[SourceVersion "2"]
[SourceVersionDate "2006.03.10"]
[SourceQuality "1"]

1. d4 Nf6 2. c4 e6 3. Nf3 b6 4. g3 Ba6 5. Qa4 Bb7 6. Bg2 c5 7. 0-0 cxd4 8. Nxd4 Bxg2 9. Kxg2 Qc7 10. Nc3 Be7 11. Bg5 0-0 12. Rfd1 Rc8 13. Bxf6 Bxf6 14. Ne4 Be7 15. Rac1 a6 1/2-1/2

[Event "Arab-ch"]
[Site "Dubai"]
[Date "2004.08.10"]
[Round "8"]
[White "Bouaziz, Slim"]
[Black "Saleh, Nabil"]
[Result "1/2-1/2"]
[WhiteElo "2352"]
[BlackElo "2301"]
[PlyCount "34"]
[EventDate "2004.08.03"]
[EventType "swiss"]
[EventRounds "9"]
[EventCountry "UAE"]
[SourceTitle "CBM 101 Extra"]
[Source "ChessBase"]
[SourceDate "2004.09.01"]
[SourceVersion "2"]
[SourceVersionDate "2004.09.01"]
[SourceQuality "1"]

1. d4 d5 2. c4 c6 3. cxd5 cxd5 4. Nc3 Nf6 5. Bf4 Nc6 6. e3 Bg4 7. Nf3 e6 8. Bb5 Bd6 9. Bxc6+ bxc6 10. Qa4 Bxf4 11. Qxc6+ Nd7 12. exf4 Bxf3 13. gxf3 0-0 14. 0-0 Rb8 15. Rab1 Nf6 16. Qa6 Rb6 17. Qd3 Nh5 1/2-1/2

[Event "Arab-ch"]
[Site "Dubai"]
[Date "2004.08.07"]
[Round "5"]
[White "Nadir, Samir"]
[Black "Bouaziz, Slim"]
[Result "1/2-1/2"]
[WhiteElo "2163"]
[BlackElo "2352"]
[PlyCount "40"]
[EventDate "2004.08.03"]
[EventType "swiss"]
[EventRounds "9"]
[EventCountry "UAE"]
[SourceTitle "CBM 101 Extra"]
[Source "ChessBase"]
[SourceDate "2004.09.01"]
[SourceVersion "2"]
[SourceVersionDate "2004.09.01"]
[SourceQuality "1"]

1. c4 c5 2. g3 Nf6 3. Bg2 g6 4. e3 Bg7 5. Nc3 Nc6 6. Nge2 0-0 7. 0-0 d6 8. d3 Rb8 9. h3 a6 10. f4 Bd7 11. b3 Ne8 12. Bb2 b5 13. Qd2 f5 14. Nd1 Nf6 15. Nf2 Re8 16. Rae1 bxc4 17. dxc4 Qc7 18. Rd1 Nd8 19. Nc3 Nf7 20. e4 Rbd8 1/2-1/2

[Event "Arab-ch"]
[Site "Dubai"]
[Date "2004.08.04"]
[Round "2"]
[White "Bouaziz, Slim"]
[Black "Hakki, Imad"]
[Result "1/2-1/2"]
[WhiteElo "2352"]
[BlackElo "2451"]
[PlyCount "47"]
[EventDate "2004.08.03"]
[EventType "swiss"]
[EventRounds "9"]
[EventCountry "UAE"]
[SourceTitle "CBM 101 Extra"]
[Source "ChessBase"]
[SourceDate "2004.09.01"]
[SourceVersion "2"]
[SourceVersionDate "2004.09.01"]
[SourceQuality "1"]

1. e4 c5 2. Nf3 d6 3. d4 cxd4 4. Nxd4 Nf6 5. Nc3 g6 6. Bc4 Bg7 7. Bb3 0-0 8. f3 Nc6 9. Be3 Bd7 10. Qd2 Rc8 11. 0-0-0 Ne5 12. Kb1 Re8 13. g4 b5 14. g5 Nh5 15. f4 Nc4 16. Bxc4 Rxc4 17. b3 Rc8 18. Ncxb5 a6 19. Nc3 Qc7 20. Nd5 Qb7 21. Qb4 Qa8 22. Rhe1 a5 23. Qd2 Qa6 24. a4 1/2-1/2

[Event "Dubai op 6th"]
[Site "Dubai"]
[Date "2004.04.28"]
[Round "9"]
[White "Mahjoob, Morteza"]
[Black "Bouaziz, Slim"]
[Result "1/2-1/2"]
[WhiteElo "2478"]
[BlackElo "2345"]
[PlyCount "34"]
[EventDate "2004.04.19"]
[EventType "swiss"]
[EventRounds "9"]
[EventCountry "UAE"]
[SourceTitle "CBM 101"]
[Source "ChessBase"]
[SourceDate "2004.07.27"]
[SourceVersion "1"]
[SourceVersionDate "2004.07.27"]
[SourceQuality "1"]

1. e4 c5 2. Nf3 d6 3. d4 cxd4 4. Nxd4 Nf6 5. Nc3 a6 6. Bg5 e6 7. f4 b5 8. e5 dxe5 9. fxe5 Qc7 10. Qe2 Nfd7 11. 0-0-0 Nc6 12. Nxc6 Qxc6 13. Ne4 Bb7 14. Nd6+ Bxd6 15. exd6 0-0 16. Be7 Rfc8 17. Rd2 Qe4 1/2-1/2

[Event "Dubai op 6th"]
[Site "Dubai"]
[Date "2004.04.27"]
[Round "8"]
[White "Bouaziz, Slim"]
[Black "Mamedov, Nidjat"]
[Result "1/2-1/2"]
[WhiteElo "2345"]
[BlackElo "2463"]
[PlyCount "58"]
[EventDate "2004.04.19"]
[EventType "swiss"]
[EventRounds "9"]
[EventCountry "UAE"]
[SourceTitle "CBM 101"]
[Source "ChessBase"]
[SourceDate "2004.07.27"]
[SourceVersion "1"]
[SourceVersionDate "2004.07.27"]
[SourceQuality "1"]

1. e4 c5 2. Nf3 d6 3. Nc3 Nf6 4. d4 cxd4 5. Nxd4 Nc6 6. f3 Qb6 7. Nb3 e6 8. Bd3 Be7 9. Qe2 a6 10. Be3 Qc7 11. 0-0 0-0 12. a4 b6 13. f4 Bb7 14. g4 d5 15. e5 Nd7 16. g5 Rfd8 17. Nd4 Nc5 18. Nxc6 Qxc6 19. Bd4 Nxd3 20. cxd3 Bc5 21. Qe3 Rdc8 22. Ne2 Bxd4 23. Nxd4 Qc5 24. f5 exf5 25. Rxf5 Qc7 26. e6 fxe6 27. Qxe6+ Kh8 28. Qe3 Re8 29. Raf1 Rg8 1/2-1/2